La política de las imágenes.
保存先:
| 第一著者: | |
|---|---|
| その他の著者: | , , , , |
| フォーマット: | 図書 |
| 言語: | スペイン語 |
| 出版事項: |
Santiago, Chile:
Metales Pesados,
2017.
|
| 主題: | |
| タグ: |
タグ追加
タグなし, このレコードへの初めてのタグを付けませんか!
|
MARC
| LEADER | 00000cam a2200000 a 4500 | ||
|---|---|---|---|
| 001 | UCD3647 | ||
| 003 | CL-VaPUC | ||
| 005 | 20250321101913.0 | ||
| 008 | 160616t20140000cl |||||||||||||||||spa|d | ||
| 999 | |c 446386 |d 446384 | ||
| 020 | |a 9789568415181 | ||
| 040 | |c Pontificia Universidad Católica de Valparaíso | ||
| 082 | 0 | 4 | |a 770.232 JAA 2017 |2 21 |
| 100 | |a Jaar, Alfredo |e autor |9 587198 | ||
| 245 | 1 | 3 | |a La política de las imágenes. |
| 260 | |a Santiago, Chile: |b Metales Pesados, |c 2017. | ||
| 300 | |a 131 páginas. | ||
| 500 | |a c.1 Instituto Arcos. 08-01-2025. | ||
| 583 | |a last modification |c 20160616 22:39:00 |k Gabriela Rodríguez Cuevas | ||
| 600 | 0 | |9 587198 |a Jaar, Alfredo |d 1956- |e Artista visual |x Trabajo artístico |z Chile | |
| 650 | 0 | |a Expresión artística |2 CL-VaPUC |9 470734 |x Crítica e interpretación | |
| 700 | |a Didi-Huberman, Georges |e autor |9 598908 | ||
| 700 | 0 | |a Pollock, Griselda |e autor |9 587200 | |
| 700 | |a Rancière, Jacques, |d 1940- |e autor |9 557220 | ||
| 700 | 0 | |a Schweizer, Nicole |e autor |9 587201 | |
| 700 | 0 | |a Valdés, Adriana |e autor |9 587202 | |
| 942 | |c BK |2 ddc |n 0 | ||
| 945 | |d 20160616 22:39:00 |a dcastane | ||
| 952 | |0 0 |1 0 |2 ddc |4 0 |6 770_232000000000000_JAA_2017 |7 0 |9 599001 |a BIBINC |b BIBINC |c GEN |d 2025-01-09 |e Instituto Arcos |i 5663933 |o 770.232 JAA 2017 |p 5663933 |r 2025-01-09 |t 1 |w 2025-01-09 |y BK |k IFP | ||